000 00669nam a2200253Ia 4500
001 43980
005 20240114003611.0
007 ta
008 090217s1958 g b000 u asm u
020 _cPB
040 _aCottan College,Assam
041 _aasm
082 _a891.4142
_bB 288 OL
100 _aBaruah, Atul Chandra .
245 0 _aKhasitra ulat-palat /
_cAtul Chandra Baruah.
_hTextual Documents
250 _a2nd /
260 _aGuwahati :
_bHiranya Prabha Baruah ,
_c1958.
300 _a42p. ;
_c20cm.
653 _aAssamese Literature
653 _aT/G Asaamese Literature
942 _2ddc
_cBK
999 _c43946
_d43946